<?xml version="1.0" encoding="UTF-8"?>
<record
    xmlns:xsi="http://www.w3.org/2001/XMLSchema-instance"
    xsi:schemaLocation="http://www.loc.gov/MARC21/slim http://www.loc.gov/standards/marcxml/schema/MARC21slim.xsd"
    xmlns="http://www.loc.gov/MARC21/slim">

  <leader>00599nam a2200205   4500</leader>
  <controlfield tag="005">20260428163534.0</controlfield>
  <controlfield tag="008">260428b        |||||||| |||| 00| 0 eng d</controlfield>
  <datafield tag="020" ind1=" " ind2=" ">
    <subfield code="a">9780073379647</subfield>
    <subfield code="q">hbk</subfield>
  </datafield>
  <datafield tag="041" ind1=" " ind2=" ">
    <subfield code="a">eng</subfield>
  </datafield>
  <datafield tag="082" ind1=" " ind2=" ">
    <subfield code="a">343.7304</subfield>
    <subfield code="b">JON</subfield>
  </datafield>
  <datafield tag="100" ind1=" " ind2=" ">
    <subfield code="a">Jones,Sally M.</subfield>
  </datafield>
  <datafield tag="245" ind1=" " ind2=" ">
    <subfield code="a">Principles of Taxation  </subfield>
    <subfield code="b">for Business and Investment Planning</subfield>
    <subfield code="c">Sally Jones M.</subfield>
  </datafield>
  <datafield tag="250" ind1=" " ind2=" ">
    <subfield code="a">2010 Ed</subfield>
  </datafield>
  <datafield tag="260" ind1=" " ind2=" ">
    <subfield code="a">New York</subfield>
    <subfield code="b">McGraw-Hill/Irwin</subfield>
    <subfield code="c">2010</subfield>
  </datafield>
  <datafield tag="300" ind1=" " ind2=" ">
    <subfield code="a">610p. :</subfield>
    <subfield code="c">25cm.</subfield>
  </datafield>
  <datafield tag="504" ind1=" " ind2=" ">
    <subfield code="a">index</subfield>
  </datafield>
  <datafield tag="650" ind1=" " ind2=" ">
    <subfield code="a">Military, tax, trade &amp; industrial law</subfield>
  </datafield>
  <datafield tag="700" ind1=" " ind2=" ">
    <subfield code="a">Shelley C. Rhoades-catanach</subfield>
  </datafield>
  <datafield tag="942" ind1=" " ind2=" ">
    <subfield code="c">ENGLISH</subfield>
  </datafield>
  <datafield tag="999" ind1=" " ind2=" ">
    <subfield code="c">620290</subfield>
    <subfield code="d">620290</subfield>
  </datafield>
  <datafield tag="952" ind1=" " ind2=" ">
    <subfield code="0">0</subfield>
    <subfield code="1">0</subfield>
    <subfield code="4">0</subfield>
    <subfield code="7">0</subfield>
    <subfield code="a">ACL</subfield>
    <subfield code="b">ACL</subfield>
    <subfield code="c">4A</subfield>
    <subfield code="d">2011-01-04</subfield>
    <subfield code="l">0</subfield>
    <subfield code="o">343.7304 JON</subfield>
    <subfield code="p">487573</subfield>
    <subfield code="r">2026-04-28 16:36:27</subfield>
    <subfield code="w">2026-04-28</subfield>
    <subfield code="y">ENGLISH</subfield>
  </datafield>
</record>
